000 00496nam a2200181Ia 4500
005 20250508160841.0
008 008 250505s9999 xx 000 0 hin d
037 _aTextual
040 _aFEDL
_beng
_cFEDL
041 _ahin
_2hin
084 _a891.437, TYA
_qFEDL
100 _aTyagi Ravindranath
_9769540
245 0 _aShok-sabha
260 _aDelhi, India
_bNational Publishing House
_c1974
300 _a114p
942 _cTEXL
_h891.437, TYA
999 _c1366979
_d1366979